| 000 | 00709nam a2200193Ia 4500 | ||
|---|---|---|---|
| 003 | Ost | ||
| 005 | 20260507075119.0 | ||
| 008 | 260507s9999||||xx |||||||||||||| ||und|| | ||
| 040 | _cfsecg | ||
| 041 | _aara | ||
| 082 | _a330 | ||
| 100 |
_aعوض الله، زينب حسين _eمؤلف |
||
| 245 | 0 |
_aمبادئ المالية العامة / _c زينب حسين عوض الله |
|
| 260 |
_aالإسكندرية: _bالفتح للطباعة والنشر, _c2003 |
||
| 300 |
_a352 صفحة؛ _bإيضاحات ؛ _c24 سم |
||
| 520 | _aالنفقات العامة-الإيرادات العامة- الميزانية العامة للدولة | ||
| 653 | _aالمالية العامة | ||
| 942 | _cكتاب | ||
| 999 |
_c43056 _d43056 |
||